| 000 | 01658cam a22004814i 4500 | ||
|---|---|---|---|
| 003 | PE-LiUPU | ||
| 005 | 20250818094532.0 | ||
| 008 | 150616s r 000 0 d | ||
| 035 | _a(Sirsi) a9538 | ||
| 040 |
_aPE-LiUPU _bspa _cPE-LiUPU _erda |
||
| 049 | _aPRUA | ||
| 082 | 0 | 4 |
_a223.707 _bK27p _221 |
| 100 | 1 |
_aKeil, C. F., _eautor. |
|
| 245 | 1 | 0 |
_aProverbs, Ecclesiastes, Song of Solomon / _cC. F. Keil. |
| 264 | 1 |
_aGrand Rapids, Michigan : _bWilliam B. Eerdmans Pub. Co., _c1978. |
|
| 300 |
_a442 páginas ; _c23 cm. |
||
| 336 |
_atext _2rdacontent |
||
| 337 |
_aunmediated _2rdamedia |
||
| 338 |
_avolume _2rdacarrier |
||
| 490 | 0 |
_aCommentary on the Old Testament in ten volumes ; _v6 |
|
| 505 | 0 | _aIntroduction.- The older book of proverbs, I-XXIV. | |
| 526 | _aSEG42 | ||
| 526 | _aSEG41 | ||
| 526 | _aSEG40 | ||
| 526 | _aSEG39 | ||
| 526 | _aP94 | ||
| 526 | _aP87 | ||
| 526 | _aP86 | ||
| 526 | _aP85 | ||
| 526 | _aP77 | ||
| 526 | _aP76 | ||
| 526 | _aP35 | ||
| 630 |
_aBiblia. _pA.T. _pProverbios _xComentarios. |
||
| 630 |
_aBiblia. _pA.T. _pEclesiastés _xComentarios. |
||
| 630 |
_aBiblia. _pA.T. _pCantares _xComentarios. |
||
| 910 | _ajck | ||
| 942 |
_2ddc _cBOOK |
||
| 949 |
_a221.08 K36 _wDEWEY _c1 _i52965 _lCCODEBUL1 _mBUL _p00.00 _r0 _sY _tBOOK _u2015-04-23 _xBIBLIOTECA _zUNKNOWN _0COMPRA _o.STAFF. Colección General |
||
| 949 |
_a221.08 K36 _wDEWEY _c2 _i43027 _lCCODEBUL1 _mBUL _p00.00 _r0 _sY _tBOOK _u19970813 _xBIBLIOTECA _zUNKNOWN _0COMPRA _o.STAFF. Colección General |
||
| 980 |
_818226 _gJaime Vilcazán Jefe de Análisis Documental |
||
| 999 |
_c61001 | 2 _d61001 |
||